Direitos reais : (Record no. 686)

MARC details
000 -LÍDER
Campo Fixo de Controle 00683nam a2200241 a 4500
001 - NÚMERO DE CONTROLE
Campo de Controle 686
003 - IDENTIFICAÇÃO DO NÚMERO DE CONTROLE
Campo de Controle BR-CuiBMT
005 - DATA E HORA DA ÚLTIMA ATUALIZAÇÃO
Campo de Controle 20231113203431.0
008 - DADOS FIXOS
Dados Fixos 231113s2004 spba 000 0 por d
020 ## - INTERNATIONAL STANDARD BOOK NUMBER
Nº do ISBN 8586456918
040 ## - AGÊNCIA CATALOGADORA
Código da Agência Catalogadora BR-CuiBMT
Agência que transcreveu o registro BR-CuiBMT
080 ## - Nº DA CLASSIFICAÇÃO DECIMAL UNIVERSAL
Nº edição CDU 2007
Nº Class. CDU 347.2
090 ## - NÚMERO DE CHAMADA
Nº classificação 347.2
Cutter L892d
100 1# - ENTRADA PRINCIPAL -- AUTOR PESSOAL
Nome pessoal Loureiro, Luiz Guilherme
245 10 - TÍTULO PRINCIPAL
Título principal Direitos reais :
Subtítulo à luz do código civil e do direito registral
Indicação de responsabilidade Luiz Guilherme Loureiro.
260 ## - PUBLICAÇÃO, DISTRIBUIÇÃO, ETC.
Local de publicação São Paulo :
Editora Método,
Data 2004.
300 ## - DESCRIÇÃO FÍSICA
N. páginas ou volumes 416 p. :
Ilustrações il. color. ;
Dimensões 23 cm
504 ## - NOTA DE BIBLIOGRAFIA, ETC.
Nota de bibliografia Inclui bibliografia.
650 ## - ASSUNTO TÓPICO
Cabeçalho tópico ou nome geográfico Direitos reais
650 ## - ASSUNTO TÓPICO
Cabeçalho tópico ou nome geográfico Propriedade
650 ## - ASSUNTO TÓPICO
Cabeçalho tópico ou nome geográfico Posse
Subdivisão de forma direito
942 ## - ELEMENTOS DE ENTRADA ADICIONAIS (KOHA)
Fonte de classificação ou esquema de arquivamento Classificação Decimal Universal
Tipo de item do Koha Livros
Holdings
Estado: removido Estado: perdido Fonte de classificação ou esquema de arquivamento Estado: danificado Indisponível para empréstimo Localização permanente Localização atual Data de aquisição Total Checkouts Número de Chamada completo Código de barras Date last seen Número do exemplar Preço efetivo a partir de Tipo de item (Koha)
    Classificação Decimal Universal     Biblioteca da Escola Superior de Contas do TCE/MT Biblioteca da Escola Superior de Contas do TCE/MT 13/11/2023   347.2 L892d BIBTCEMT23110530 13/11/2023 Ex. 1 13/11/2023 Livros

Powered by Koha